Cultural Dynamics in a Globalized World (Record no. 19582)

MARC details
000 -LEADER
fixed length control field 00858nam a2200121Ia 4500
008 - FIXED-LENGTH DATA ELEMENTS--GENERAL INFORMATION
fixed length control field 220616s9999||||xx |||||||||||||| ||und||
245 #0 - TITLE STATEMENT
Title Cultural Dynamics in a Globalized World
Remainder of title Proceedings of the Asia- Pacific research in Social Sciences and Humanities, Depok, Indonesia, November 7–9, 2016, Topics in arts and humanities
546 ## - LANGUAGE NOTE
Language note English[eng]
650 ## - SUBJECT ADDED ENTRY--TOPICAL TERM
Topical term or geographic name entry element literature||philosophy||cultural studies||area studies||language studies||cultures||archaeology||history||pacific||literacy studies||asia||humanities||information||arts
700 ## - ADDED ENTRY--PERSONAL NAME
Personal name Budiman, Manneke||Budianta, Melani||Kusno, Abidin||Moriyama, Mikihiro
856 ## - ELECTRONIC LOCATION AND ACCESS
Uniform Resource Identifier <a href="https://library.oapen.org/bitstream/20.500.12657/31061/1/639851.pdf||https://library.oapen.org/bitstream/20.500.12657/31061/1/639851.pdf||https://library.oapen.org/bitstream/20.500.12657/31061/1/639851.pdf">https://library.oapen.org/bitstream/20.500.12657/31061/1/639851.pdf||https://library.oapen.org/bitstream/20.500.12657/31061/1/639851.pdf||https://library.oapen.org/bitstream/20.500.12657/31061/1/639851.pdf</a>
942 ## - ADDED ENTRY ELEMENTS (KOHA)
Koha item type E-Books
Holdings
Withdrawn status Lost status Damaged status Not for loan Home library Current library Date acquired Total Checkouts Date last seen Price effective from Koha item type
        Kerala University of Digital Sciences, Innovation and Technology Knowledge Centre Kerala University of Digital Sciences, Innovation and Technology Knowledge Centre 16/06/2022   16/06/2022 16/06/2022 E-Books